000 01363nam a22004217a 4500
005 20260121161713.0
008 151006b2007 xxu||||| |||| 00| 0 spa d
020 _a9788483223420
041 _aESP
082 _a658.8 B561m4
100 _aBest, Roger J.
_98454
245 _aMarketing estratégico
250 _a4 edición
260 _aEspaña
260 _bPearson
260 _c2007
300 _a509 páginas
490 _aDirección y Administración de Empresas
505 _aParte I. Orientación al mercado y a los resultados; Parte II. Análisis de mercado; Parte III. Estrategias de marketing mix Parte IV. Marketing estratégico; Parte V. La planificación de marketing y de resultados.
650 _aGERENCIA DE MERCADO
650 _aMERCADOTECNIA
650 _aORIENTACIÓN AL MERCADO
650 _aRESULTADOS DE MARKETING
650 _aANÁLISIS DE MERCADO
650 _aHERRAMIENTAS DE ANÁLISIS DEL CLIENTE
650 _aMEDICIÓN DE LEALTAD
650 _aESTRATEGIAS DE MARKETING MIX
650 _aMERCADO POTENCIAL
650 _aSEGMENTACÓON
650 _aVENTAJAS EN MARKETING
650 _aMARCA
650 _aESTABLECIMIENTO DE PRECIO
650 _aRENTABILIDAD
650 _aPLANIFICACIÓN ESTRATEGICA
650 _aPLAN DE MERCADEO
650 _aRESULTADOS FINANCIEROS
942 _cBK
_2ddc
999 _c7254
_d7254